000 00333nam a22001577a 4500
003 SGT
020 _a818974747-9
082 _a616.07
_bTAI
100 _aTAILANG, DR. MUKUL
245 _aPHYTOCHEMISTRY
250 _a2ND
260 _aINDIA
_bBIRLA PUB.
_c2025
300 _a250
650 _aPHYTOCHEMISTRY
942 _2ddc
_cBK
999 _c32981
_d32981